| 000 | 00837nam a2200325Ia 4500 | ||
|---|---|---|---|
| 001 | AUWbook002645 | ||
| 003 | BDCtgAUW | ||
| 005 | 20260406155225.0 | ||
| 008 | 220908s9999 xx 000 0 eng d | ||
| 020 | _a0486248593 | ||
| 040 |
_aBDCtgAUW _cBDCtgAUW |
||
| 100 | 1 | _aGauguin Paul. | |
| 245 | 0 |
_aNoa noa : _bthe tahitian journal / |
|
| 260 |
_aNew York : _bDover Publications, _c1985. |
||
| 300 | _a65 pages. | ||
| 650 | 0 |
_a1848 _x1903 _xDiaries. _980212 |
|
| 650 | 0 | _aFine Arts. | |
| 650 | 0 | _aGauguin. | |
| 650 | 0 | _aIsland). | |
| 650 | 0 |
_aPainters _zFrance _xDiaries. _980213 |
|
| 650 | 0 |
_aPainting _xhistory. _980214 |
|
| 650 | 0 | _aPaul. | |
| 650 | 0 | _aTahiti (French Polynesia. | |
| 700 | 1 | _aTheis, O.F., Translated by. | |
| 887 |
_a BRAC _22982 |
||
| 888 | _22982 | ||
| 942 | _cBK | ||
| 945 | _cBK | ||
| 999 |
_c18158 _d18158 |
||